00970 a2200181 4500001000700000020001800007041000800025082000800033100001700041240001200058300001100070520056000081521001100641856002400652040002500676245004000701260004700741119152 a9781951287504 aeng a[E] aAlber, Diane10lEnglish a[s.p.] aCompanion to the best-selling children's book "A Little SPOT of Anxiety" (coping strategies) this story was to created to help children learn how to control their worries (management strategies)! A little Worry SPOT helps children identifies the two different types of WORRIES. A USEFUL WORRY (a worry that can help keep you safe) and a SPINNING WORRY (an IMAGINED worry that prevents you from doing something safe and fun). If you are able to recognize the difference between the two you can prevent a SPINNING WORRY from turning into a BIG ANXIETY SPOT. aYear 3 u000034/0000344c.jpg aBR-BrIDEAcBR-BrIDEA10aA little spot of worrycDiane Alber aUnited StatesbDiane Albert Art LLCcc2020